Cinema and the urban poor in south India (Record no. 251383)

MARC details
000 -LEADER
fixed length control field 00823nam a2200241Ia 4500
008 - FIXED-LENGTH DATA ELEMENTS--GENERAL INFORMATION
fixed length control field 191130s1993##################000#0#eng##
020 ## - INTERNATIONAL STANDARD BOOK NUMBER
ISBN 9780521055970
082 ## - DEWEY DECIMAL CLASSIFICATION NUMBER
Classification number 302.23 DIC
100 ## - MAIN ENTRY--AUTHOR NAME
Personal name Dickey, Sara
245 ## - TITLE STATEMENT
Title Cinema and the urban poor in south India
Statement of responsibility, etc Sara Dickey
260 ## - PUBLICATION, DISTRIBUTION, ETC. (IMPRINT)
Place of publication Cambridge
Name of publisher Cambridge University Press
Year of publication 1993
300 ## - PHYSICAL DESCRIPTION
Number of Pages xiv, 213 p. : ill., map ; 24 cm
500 ## - GENERAL NOTE
General note Includes bibliographical references (p. [195]-202) and index
650 ## - SUBJECT ADDED ENTRY--TOPICAL TERM
Topical Term Motion picture audiences - India - Madurai
Topical Term Motion pictures - Social aspects - India - Tamil Nadu
Topical Term Popular culture - Madurai (India)
Topical Term Urban poor - India - Tamil Nadu
991 ## -
-- 229478
Holdings
Withdrawn status Lost status Damaged status Not for loan Home library Current library Shelving location Date acquired Full call number Accession Number Price effective from Koha item type
        Anna Centenary Library Anna Centenary Library 3RD FLOOR, B WING 13.10.2020 302.23 DIC 106892 13.10.2020 Books

Find us on the map